| 000 | 00772nam a22002297a 4500 | ||
|---|---|---|---|
| 999 |
_c11409 _d11409 |
||
| 003 | AR-CdUCM | ||
| 008 | 190403b ||||| |||| 00| 0 spa d | ||
| 040 |
_aMUNICIPALIDAD PROVINCIAL DEL CUSCO _cBIBLIOTECA MUNICIPAL DEL CUSCO |
||
| 082 |
_aEP / 808.068 / _bA71 |
||
| 100 |
_aArias Larreta, Abraham _914825 |
||
| 245 |
_aRayuelo : _bPoemas infantiles / |
||
| 260 |
_aTrujillo : _bMunicipalidad provincial de trujillo, _c1994. |
||
| 300 |
_bIlustraciones, _c20 cm. |
||
| 500 | _aLibro sin numeración | ||
| 505 | _aContenido :Poemas infantiles / | ||
| 650 |
_aEducación primaria _91561 |
||
| 650 |
_aPoemas _9929 |
||
| 700 |
_aJulio Geldres Aguilar (editor) _928756 |
||
| 710 |
_aMunicipalidad provincial de Trujillo _928757 |
||
| 942 |
_2ddc _cLIBROS |
||
| 945 | _arjall | ||